000 00390nam a22001217a 4500
008 230703b xxu||||| |||| 00| 0 eng d
082 _a338.967829
_bEAC
100 _cEAC
245 _aInvestment and development opportunities in the lake Victoria Basin
260 _aSouth Africa
_bInvestment and development opportunities in the lake Victoria Basin
_c2002
300 _a12p
942 _2ddc
_cBK
999 _c3502
_d3502